LEADER 01434nam2 22002651i 450 001 SUN0043397 005 20140702113942.467 100 $a20060404d1917 |0itac50 ba 101 $aita 102 $aIT 105 $a|||| ||||| 200 1 $aˆ<> 2: Parte speciale$eobblighi rispettivi delle parti contraenti, rapporti vari tra le parti, fine del contratto, rapporti delle parti contraenti coi terzi$fRiccardo Fubini 205 $a2. ed. intieramente rifatta 210 $aMilano$cSocieta editrice libraria$d1917 215 $aXXXV, 844 p.$d25 cm. - volume presente anche nel Fondo Raffaele Papa. 461 1$1001SUN0043421$12001 $aˆIl ‰contratto di locazione di cose$fRiccardo Fubini$v2$1210 $aMilano$cSocietà editrice libraria$1215 $avolumi$d25 cm. 620 $dMilano$3SUNL000284 700 1$aFubini$b, Riccardo$3SUNV022263$0160234 712 $aSocietà editrice libraria$3SUNV003680$4650 801 $aIT$bSOL$c20191209$gRICA 912 $aSUN0043397 950 $aUFFICIO DI BIBLIOTECA DEL DIPARTIMENTO DI GIURISPRUDENZA$d00CONS XV.Eca.168 $e00FP 28436 20060911 950 $aUFFICIO DI BIBLIOTECA DEL DIPARTIMENTO DI GIURISPRUDENZA$d00CONS XV.Eca.168 bis $e00 798445642 20061127 996 $aContratto di locazione di cose 2: Parte speciale$91403444 997 $aUNICAMPANIA LEADER 04796nam 22008535 450 001 9910484656703321 005 20251226203736.0 010 $a3-540-31816-X 024 7 $a10.1007/11553090 035 $a(CKB)1000000000213243 035 $a(SSID)ssj0000315770 035 $a(PQKBManifestationID)11271689 035 $a(PQKBTitleCode)TC0000315770 035 $a(PQKBWorkID)10256689 035 $a(PQKB)11759475 035 $a(DE-He213)978-3-540-31816-3 035 $a(MiAaPQ)EBC3067542 035 $a(PPN)123097398 035 $a(EXLCZ)991000000000213243 100 $a20100721d2005 u| 0 101 0 $aeng 135 $aurnn#008mamaa 181 $ctxt 182 $cc 183 $acr 200 10$aAdvances in Artificial Life $e8th European Conference, ECAL 2005, Canterbury, UK, September 5-9, 2005, Proceedings /$fedited by Mathieu Capcarrere, Alex A. Freitas, Peter J. Bentley, Colin G. Johnson, Jon Timmis 205 $a1st ed. 2005. 210 1$aBerlin, Heidelberg :$cSpringer Berlin Heidelberg :$cImprint: Springer,$d2005. 215 $a1 online resource (XIX, 949 p.) 225 1 $aLecture Notes in Artificial Intelligence,$x2945-9141 ;$v3630 300 $aBibliographic Level Mode of Issuance: Monograph 311 08$a3-540-28848-1 320 $aIncludes bibliographical references and index. 327 $aConceptual Track -- Morphogenesis and Development -- Robotics and Autonomous Agents -- Evolutionary Computation and Theory -- Cellular Automata -- Models of Biological Systems and Their Applications -- Ant Colony and Swarm Systems -- Evolution of Communication -- Simulation of Social Interactions -- Self-replication -- Artificial Chemistry -- Posters. 330 $aTheArti?cialLifetermappearedmorethan20yearsagoinasmallcornerofNew Mexico, USA. Since then the area has developed dramatically, many researchers joining enthusiastically and research groups sprouting everywhere. This frenetic activity led to the emergence of several strands that are now established ?elds in themselves. We are now reaching a stage that one may describe as maturer: with more rigour, more benchmarks, more results, more stringent acceptance criteria, more applications, in brief, more sound science. This, which is the n- ural path of all new areas, comes at a price, however. A certain enthusiasm, a certain adventurousness from the early years is fading and may have been lost on the way. The ?eld has become more reasonable. To counterbalance this and to encourage lively discussions, a conceptual track, where papers were judged on criteria like importance and/or novelty of the concepts proposed rather than the experimental/theoretical results, has been introduced this year. A conference on a theme as broad as Arti?cial Life is bound to be very - verse,but a few tendencies emerged. First, ?elds like ?Robotics and Autonomous Agents? or ?Evolutionary Computation? are still extremely active and keep on bringing a wealth of results to the A-Life community. Even there, however, new tendencies appear, like collective robotics, and more speci?cally self-assembling robotics, which represent now a large subsection. Second, new areas appear. 410 0$aLecture Notes in Artificial Intelligence,$x2945-9141 ;$v3630 606 $aArtificial intelligence 606 $aComputer science 606 $aUser interfaces (Computer systems) 606 $aHuman-computer interaction 606 $aComputer science$xMathematics 606 $aDiscrete mathematics 606 $aPattern recognition systems 606 $aBioinformatics 606 $aArtificial Intelligence 606 $aTheory of Computation 606 $aUser Interfaces and Human Computer Interaction 606 $aDiscrete Mathematics in Computer Science 606 $aAutomated Pattern Recognition 606 $aBioinformatics 615 0$aArtificial intelligence. 615 0$aComputer science. 615 0$aUser interfaces (Computer systems) 615 0$aHuman-computer interaction. 615 0$aComputer science$xMathematics. 615 0$aDiscrete mathematics. 615 0$aPattern recognition systems. 615 0$aBioinformatics. 615 14$aArtificial Intelligence. 615 24$aTheory of Computation. 615 24$aUser Interfaces and Human Computer Interaction. 615 24$aDiscrete Mathematics in Computer Science. 615 24$aAutomated Pattern Recognition. 615 24$aBioinformatics. 676 $a570.1/13 701 $aCapcarrere$b Mathieu S$01751463 712 12$aEuropean Conference on Artificial Life. 801 0$bMiAaPQ 801 1$bMiAaPQ 801 2$bMiAaPQ 906 $aBOOK 912 $a9910484656703321 996 $aAdvances in artificial life$94186444 997 $aUNINA